|
|
|
|
| LEADER |
00000nas a2200000 a 4500 |
| 001 |
ssj0007013 |
| 003 |
WaSeSS |
| 005 |
20200512172242.0 |
| 006 |
m d |
| 007 |
cr n |
| 008 |
931214d19872001nyumx p s 0 a0eng c |
| 010 |
|
|
|a sn 93004241
|
| 022 |
|
|
|l 1073-6328
|y 1073-6328
|
| 032 |
|
|
|a 010793
|b USPS
|
| 035 |
|
|
|a (WaSeSS)ssj0007013
|
| 037 |
|
|
|b Quest Magazines, 1046 Madison Ave., New York, NY 10021
|
| 040 |
|
|
|a NSD
|b eng
|c NSD
|d NYP
|d SLU
|d OCLCQ
|d NYP
|d OCLCQ
|d OCLCF
|d OCLCO
|d OCLCQ
|d WaSeSS
|
| 042 |
|
|
|a nsdp
|a pcc
|
| 043 |
|
|
|a n-us-ny
|
| 082 |
1 |
0 |
|a 333
|2 12
|
| 130 |
0 |
|
|a Quest (New York, N.Y. : 1987)
|
| 210 |
0 |
|
|a Quest
|b (N.Y.N.Y. 1987)
|
| 222 |
|
0 |
|a Quest
|b (New York, N.Y. 1987)
|
| 245 |
1 |
0 |
|a Quest
|h [electronic resource].
|
| 260 |
|
|
|a New York, N.Y. :
|b Quest Magazines
|
| 310 |
|
|
|a Ten no. a year
|
| 362 |
1 |
|
|a Began in 1987?
|
| 362 |
1 |
|
|a Ceased with v. 15, no. 9 (Sept. 2001)?
|
| 506 |
|
|
|a License restrictions may limit access.
|
| 515 |
|
|
|a Vol. numbering begins with July/Aug. 1992.
|
| 588 |
|
|
|a Description based on: Oct. 1988; title from cover.
|
| 588 |
|
|
|a Latest issue consulted: Vol. 10, no. 10 (Nov. 1996).
|
| 650 |
|
0 |
|a Real estate business
|v Periodicals.
|
| 650 |
|
0 |
|a Real estate business
|z New York (State)
|z New York
|v Periodicals.
|
| 650 |
|
7 |
|a Real estate business.
|2 fast
|0 (OCoLC)fst01090898
|
| 651 |
|
7 |
|a New York (State)
|z New York.
|2 fast
|0 (OCoLC)fst01204333
|
| 655 |
|
0 |
|a Electronic journals.
|
| 850 |
|
|
|a NN
|
| 856 |
4 |
0 |
|z Full text available from Research Library: 10/01/2000 to 09/30/2001
|u https://search.proquest.com/publication/47042
|